000 00600nam a2200241Ia 4500
003 OSt
005 20221005123059.0
006 a|||||r|||| 00| 0
007 ta
008 221004b |||||||| |||| 00| 0 ara d
024 _a113395
037 _cTextual
040 _aCRL
_cCRL
_bara
041 _2ara
_aara
082 _aQ7:26, 28D8
100 _aAbi Abdullah
_9633105
245 0 _aKitab darat ul tanzeel wa gharat ul taweel
260 _c1908
300 _a398p.
_ccm.
650 _aRELIGION
942 _hQ7:26, 28D8
_cTEXL
_2cc
999 _c1046319
_d1046319